<?xml version="1.0" encoding="UTF-8"?>
<record
    xmlns:xsi="http://www.w3.org/2001/XMLSchema-instance"
    xsi:schemaLocation="http://www.loc.gov/MARC21/slim http://www.loc.gov/standards/marcxml/schema/MARC21slim.xsd"
    xmlns="http://www.loc.gov/MARC21/slim">

  <leader>01878nam a2200277 a 4500</leader>
  <controlfield tag="001">000002510</controlfield>
  <controlfield tag="005">20200929150213.0</controlfield>
  <controlfield tag="008">090702s1973    dr d          000 0 spa d</controlfield>
  <datafield tag="040" ind1=" " ind2=" ">
    <subfield code="a">DO-SdBNP</subfield>
    <subfield code="b">spa</subfield>
    <subfield code="c">BNPHU</subfield>
  </datafield>
  <datafield tag="082" ind1=" " ind2=" ">
    <subfield code="a">332.3</subfield>
    <subfield code="b">D261a</subfield>
  </datafield>
  <datafield tag="100" ind1="1" ind2=" ">
    <subfield code="a">Davis, Carlisle R.</subfield>
    <subfield code="9">7898</subfield>
  </datafield>
  <datafield tag="245" ind1="1" ind2="0">
    <subfield code="a">Administraci&#xF3;n de pr&#xE9;stamos /</subfield>
    <subfield code="c">Carlisle R. Davis ; traductor Francisco D&#xED;az Morales ; prefacio Leroy Lewis.</subfield>
  </datafield>
  <datafield tag="260" ind1=" " ind2=" ">
    <subfield code="a">Santo Domingo :</subfield>
    <subfield code="b">Instituto Americano de Banca :</subfield>
    <subfield code="b">Asociaci&#xF3;n Americana de Banqueros,</subfield>
    <subfield code="c">1973.</subfield>
  </datafield>
  <datafield tag="300" ind1=" " ind2=" ">
    <subfield code="a">628 p. ;</subfield>
    <subfield code="c">21 cm.</subfield>
    <subfield code="b">diagr.</subfield>
  </datafield>
  <datafield tag="500" ind1=" " ind2=" ">
    <subfield code="a">Incluye referencias bibliogr&#xE1;ficas y notas al pie de las p&#xE1;ginas.</subfield>
  </datafield>
  <datafield tag="505" ind1="0" ind2=" ">
    <subfield code="a">An&#xE1;lisis de pautas -- An&#xE1;lisis de pautas (conclusi&#xF3;n) -- El departamento de cr&#xE9;dito -- Fuentes de informaci&#xF3;n de cr&#xE9;dito -- An&#xE1;lisis de estados financieros -- Correspondencia de cr&#xE9;dito -- El expediente de cr&#xE9;dito y otros registros de cr&#xE9;dito -- Pr&#xE9;stamos sin garant&#xED;a -- Pr&#xE9;stamos con garant&#xED;a -- Pr&#xE9;stamos con garant&#xED;a (conclusi&#xF3;n) -- Pr&#xE9;stamos a los negocios peque&#xF1;os -- Pr&#xE9;stamos de cuotas -- Pr&#xE9;stamos a largo plazo -- Pr&#xE9;stamos interbancarios -- Pr&#xE9;stamos con garant&#xED;a inmobiliaria -- Influencia del sistema de la reserva federal -- Inversiones de los fondos en exceso de los bancos comerciales -- Negocios con empresas en dificultades -- Oportunidades y responsabilidades del funcionario de pr&#xE9;stamo del banco -- Normas de pr&#xE9;stamo -- Modelo de expediente de cr&#xE9;dito -- Modelo de contrato de pr&#xE9;stamo a plazo</subfield>
  </datafield>
  <datafield tag="590" ind1=" " ind2=" ">
    <subfield code="a">Inventariado, 2018/MFF</subfield>
  </datafield>
  <datafield tag="650" ind1=" " ind2="4">
    <subfield code="a">Pr&#xE9;stamos bancarios</subfield>
    <subfield code="9">7899</subfield>
  </datafield>
  <datafield tag="650" ind1=" " ind2="4">
    <subfield code="a">Pr&#xE9;stamos comerciales</subfield>
    <subfield code="9">7900</subfield>
  </datafield>
  <datafield tag="650" ind1=" " ind2="4">
    <subfield code="a">Cr&#xE9;dito comercial</subfield>
    <subfield code="9">7901</subfield>
  </datafield>
  <datafield tag="650" ind1=" " ind2="4">
    <subfield code="a">Administraci&#xF3;n de cr&#xE9;dito</subfield>
    <subfield code="9">7902</subfield>
  </datafield>
  <datafield tag="650" ind1=" " ind2="4">
    <subfield code="a">Pr&#xE9;stamos hipotecarios</subfield>
    <subfield code="9">7903</subfield>
  </datafield>
  <datafield tag="700" ind1="1" ind2="2">
    <subfield code="a">Lewis, Leroy</subfield>
    <subfield code="9">7904</subfield>
  </datafield>
  <datafield tag="700" ind1="1" ind2="2">
    <subfield code="a">D&#xED;az Moralez, Francisco</subfield>
    <subfield code="e">trad.</subfield>
    <subfield code="9">7905</subfield>
  </datafield>
  <datafield tag="910" ind1=" " ind2=" ">
    <subfield code="a">Jornada de catalogaci&#xF3;n</subfield>
  </datafield>
  <datafield tag="952" ind1=" " ind2=" ">
    <subfield code="0">0</subfield>
    <subfield code="1">0</subfield>
    <subfield code="7">1</subfield>
    <subfield code="8">PD</subfield>
    <subfield code="a">PD</subfield>
    <subfield code="b">PD</subfield>
    <subfield code="c">HD</subfield>
    <subfield code="d">2009-07-02</subfield>
    <subfield code="i">LF1</subfield>
    <subfield code="l">0</subfield>
    <subfield code="o">332.3 D261a</subfield>
    <subfield code="p">2510-10</subfield>
    <subfield code="r">2020-06-25</subfield>
    <subfield code="w">2020-06-25</subfield>
    <subfield code="y">LFPD</subfield>
    <subfield code="Z">No se presta</subfield>
  </datafield>
  <datafield tag="952" ind1=" " ind2=" ">
    <subfield code="0">0</subfield>
    <subfield code="1">0</subfield>
    <subfield code="7">1</subfield>
    <subfield code="8">PD</subfield>
    <subfield code="a">PD</subfield>
    <subfield code="b">PD</subfield>
    <subfield code="c">HD</subfield>
    <subfield code="d">2009-07-02</subfield>
    <subfield code="i">LF1</subfield>
    <subfield code="l">0</subfield>
    <subfield code="o">332.3 D261a</subfield>
    <subfield code="p">2510-20</subfield>
    <subfield code="r">2020-06-25</subfield>
    <subfield code="t">e. 2</subfield>
    <subfield code="w">2020-06-25</subfield>
    <subfield code="y">LFPD</subfield>
    <subfield code="Z">No se presta</subfield>
  </datafield>
  <datafield tag="999" ind1=" " ind2=" ">
    <subfield code="c">2346</subfield>
    <subfield code="d">2346</subfield>
  </datafield>
</record>
